| 000 | 00988nam0a22003011 4500 | ||
|---|---|---|---|
| 001 | RU\INFOCOMM_318\NLR\5000087843 | ||
| 005 | 20250613104659.0 | ||
| 035 | _a(NLR Aleph) 009510101 | ||
| 090 |
_a8760712 _c8760712 |
||
| 100 | _a20121205d1977 |||y0rusy50 ca | ||
| 101 | 1 |
_aspa _crus |
|
| 102 | _aRU | ||
| 105 | _ay z ||||| | ||
| 200 | 1 |
_aHumanismo real y humanismo ficticio _e[Trad. del ruso ...] _fV. Keshelava |
|
| 210 |
_aM. _c"Progreso" _dCop.1977 |
||
| 215 |
_a272 с. _d21 см |
||
| 225 | 1 | _aTeoría y crítica | |
| 300 | _aНа обороте тит. л.: В. Кешелава. Гуманизм действительный и мнимый | ||
| 320 | _aБиблиогр.: с. 267-271 | ||
| 620 | _aМосква | ||
| 686 |
_aА550.7 _2rubbk |
||
| 700 | 1 |
_9z01790 _aKešelava _bV. V. _gVarlam Varlamovič |
|
| 790 | 1 |
_9z01700 _aKeshelava _bV. _4070 |
|
| 801 | 1 |
_aRU _bNLR _c20121205 |
|
| 801 | 0 |
_aRU _bINFOCOMM _gPSBO |
|
| 852 |
_aNLR _jД01 Д-3/377 |
||
| 942 | _cBOOK | ||
| 980 | _aNB | ||